01261nam a2200325Ia 4500001001200000003000800012006001900020007001500039008004100054010001700095020004200112020002600154040002100180035002100201050002400222100002000246245011600266260007200382300001600454504005100470533015200521650001700673650002300690655002900713700001900742700001400761710001700775856012600792999001700918ebr10331421CaPaEBRm u cr cn|||||||||090610s2009 enk sb 001 0 eng d z 2009021825 z9780754678694 (hardback : alk. paper) z9780754697169 (ebook) aCaPaEBRcCaPaEBR a(OCoLC)46526765714aTN295b.S528 2009eb1 aSimpson, Geoff.10aUnderstanding human error in mine safetyh[electronic resource] /cby Geoff Simpson, Tim Horberry, and Jim Joy. aFarnham, Surry [England] ;aBurlington, VT, USA :bAshgate,cc2009. axiv, 160 p. aIncludes bibliographical references and index. aElectronic reproduction.bPalo Alto, Calif. :cebrary,d2009.nAvailable via World Wide Web.nAccess may be limited to ebrary affiliated libraries. 0aMine safety. 0aHuman engineering. 7aElectronic books.2local1 aHorberry, Tim.1 aJoy, Jim.2 aebrary, Inc.40uhttp://site.ebrary.com/lib/rucke/Doc?id=10331421zAn electronic book accessible through the World Wide Web; click to view c68685d68685